000 02706nkm0a2200481 4500
001 RU\NLR\BIBL_A\022711009
005 20260304093838.0
035 _a(NLR Aleph) 022711009
090 _a89218
_c89218
100 _a20260128d1941 u y0rusy50 ca
101 0 _arus
102 _aRU
116 _aiiycxx bf ad
135 _acrcn 024anaba
181 0 _ab4
_bxb2e
182 0 _an
200 1 _aКаждый должен уметь быстро тушить зажигательные бомбы
_eподхвати бомбу рукой и утопи ее в воде
_e[плакат]
203 _aИзображение
_bнеподвижное
_bдвухмерное
_bвизуальное
_cнепосредственное
210 _a[Москва]
_cГлавное управление пожарной охраны и Главное управление местной противовоздушной обороны СССР
_d[1941]
_e[Москва]
_gФ-ка "Говорящая бумага"
215 _a1 л.
_cхромолитогр.
_d77,5х28,8
300 _aВ вып. дан.: Л136529; Заказ 642
325 _aКопия доступна в Электрон. б-ке РНБ
606 1 _aПлакат инструктивный
_2nlr_sh2
_3RU\NLR\AUTH\6601761657
606 1 _aВеликая Отечественная война
_z1941 - 1945
_jПлакаты
_2nlr_sh1
_2nlr_sh2
_3RU\NLR\AUTH\668893
606 1 _aЗажигательные авиационные бомбы
_xТушение
_jПлакаты
_2nlr_sh1
_3RU\NLR\AUTH\66433053
686 _aЩ150.466
712 0 2 _aСССР
_bГлавное управление пожарной охраны
_3RU\NLR\AUTH\8810121176
_4650
712 0 2 _aСССР
_bГлавное управление местной противовоздушной обороны
_3RU\NLR\AUTH\8810002780
_4650
712 0 2 _a"Говорящая бумага", фабрика
_cМосква
_3RU\NLR\AUTH\880639576
_4610
852 0 0 _aNLR
_bЭ
_jНпВо702/6-46
_mЭ035937
856 0 _uhttps://vivaldi.nlr.ru/la000070000/view
856 1 _uhttps://vivaldi.nlr.ru/la000070000/cover
856 2 _uhttps://vivaldi.nlr.ru/la000070000/text
901 _eИзографические материалы
942 _cVISUAL
945 _aРоссийская национальная библиотека
980 _aBV
980 _aNB
981 1 7 _a(17) Изографические материалы
_b(17) Плакаты